| Tag |
First Indicator |
Second Indicator |
Subfields |
| LEADER |
00000nam a2200000 i 4500 |
| 001 |
in00004012421 |
| 005 |
20181022123156.0 |
| 006 |
m o d f |
| 007 |
cr mn||||||||| |
| 008 |
180821s1993 mdua obs f000 0 eng c |
| 035 |
|
|
|a (OCoLC)on1049151610
|
| 042 |
|
|
|a pcc
|
| 043 |
|
|
|a n-us---
|
| 040 |
|
|
|a GPO
|b eng
|e rda
|e pn
|c GPO
|d MvI
|
| 049 |
|
|
|a WWW
|
| 074 |
|
|
|a 0500-E (online)
|
| 086 |
0 |
|
|a HE 20.6209:16/8
|
| 245 |
0 |
0 |
|a Advance data from Vital and health statistics :
|b numbers 71-80.
|
| 264 |
|
1 |
|a Hyattsville, Maryland :
|b U.S. Department of Health and Human Services, Public Health Service, Centers for Disease Control and Prevention, National Center for Health Statistics,
|c 1993.
|
| 300 |
|
|
|a 1 online resource (various pagings) :
|b illustrations.
|
| 336 |
|
|
|a text
|b txt
|2 rdacontent
|
| 337 |
|
|
|a computer
|b c
|2 rdamedia
|
| 338 |
|
|
|a online resource
|b cr
|2 rdacarrier
|
| 490 |
1 |
|
|a Vital and health statistics. Series 16, Compilations of advance data from vital and health statistics ;
|v no. 8
|
| 490 |
1 |
|
|a DHHS publication ;
|v no. (PHS) 94-1867
|
| 500 |
|
|
|a "December 1993."
|
| 504 |
|
|
|a Includes bibliographical references.
|
| 505 |
0 |
|
|a No. 71. Health care coverage under private health insurance, Medicare, Medicaid, and military or Veterans Administration Health Benefits: United States, 1978 -- no. 72. Visits to family planning service sites: United States, 1978 -- no. 73. Patient profile, National Reporting System for Family Planning Services: United States, 1978 -- no. 74. Visits to family planning clinics: United States, 1979 -- no. 75. Expected principal sources of payment for hospital discharges: United States, 1979 -- no. 76. Blood carbon monoxide levels in persons 3-74 years of age: United States, 1976-80 -- no. 77. 1980 summary: National Ambulatory Medical Care Survey -- no. 78. Drugs most frequently used in office-based practice: National Ambulatory Medical Care Survey, 1980 -- no. 79. Blood lead levels for persons 6 months-74 years of age: United States, 1976-80 -- no. 80. Medication therapy in office visits for hypertension: National Ambulatory Medical Care Survey, 1980.
|
| 588 |
|
|
|a Description based on online resource, PDF version; title from cover (CDC, viewed August 8, 2018).
|
| 650 |
|
0 |
|a Family planning
|z United States
|v Statistics.
|
| 650 |
|
0 |
|a Hospitals
|x Admission and discharge
|z United States
|v Statistics.
|
| 650 |
|
0 |
|a Physician services utilization
|z United States
|v Statistics.
|
| 650 |
|
0 |
|a Drug utilization
|z United States
|v Statistics.
|
| 650 |
|
0 |
|a Health surveys
|z United States.
|
| 651 |
|
0 |
|a United States
|v Statistics, Vital.
|
| 651 |
|
0 |
|a United States
|v Statistics, Medical.
|
| 610 |
2 |
0 |
|a National Ambulatory Medical Care Survey (U.S.)
|
| 655 |
|
7 |
|a Statistics.
|2 lcgft
|
| 710 |
2 |
|
|a National Center for Health Statistics (U.S.),
|e issuing body.
|
| 776 |
0 |
8 |
|i Print version:
|t Advance data from Vital and health statistics
|w (OCoLC)29632281
|
| 830 |
|
0 |
|a Vital and health statistics.
|n Series 16,
|p Compilations of advance data from vital and health statistics ;
|v no. 8.
|
| 830 |
|
0 |
|a DHHS publication ;
|v no. (PHS) 94-1867.
|
| 856 |
4 |
0 |
|u https://purl.fdlp.gov/GPO/gpo107479
|t 0
|
| 999 |
f |
f |
|s c7103b09-4174-3105-9fa9-d14cd914ba74
|i 1eba2727-4845-3f77-83cf-e08b4a29e1ba
|t 0
|
| 952 |
f |
f |
|a Texas A&M University
|b College Station
|c Electronic Resources
|d Available Online
|t 0
|e HE 20.6209:16/8
|h Superintendent of Documents classification
|
| 998 |
f |
f |
|a HE 20.6209:16/8
|t 0
|l Available Online
|